000 00575nam a2200181Ia 4500
008 100921s9999 xx 000 0 und d
082 _b29669
_a891.463 थ 60
100 _aशेळके उध्दव.
245 _aधग.
260 _bपॉप्युलर प्रकाशन, मुंबई.
_c1960
300 _a250
_bग्रंथायन,कोल्हापूर.
365 _b80
520 _aललित-कादंबरी.
630 _aधग.
650 _aललित-कादंबरी.
730 _aधग.
942 _cBOOK
999 _c778782
_d778779